000 nam a22 7a 4500
999 _c10060
_d10060
008 180209b ||||| |||| 00| 0 eng d
100 _aCreative publication
_96085
245 _aSkill paper mathematics
260 _aNew delhi
_bCreative publication
_c1998